000 00978nam a2200229 a 4500
005 20230616063549.0
008 991125 1991 zam 000 0 spa u
035 _aUPN01000039587
049 _aCG
050 4 _aLC5309 U6
_bL89
100 1 _aBautista Hernández, Esmeralda
245 1 3 _aLa migración, como causa del descenso de la matrícula en la escuela primaria rural estatal "Emiliano Zapata", ubicada en la comunidad de la Soledad Municipio de Chavinda, Mich. /
_cpor Esmeralda Bautista Hernández, Carlos Pérez Ornelas,
260 _aZamora, Mich. :
_bE. Bautista Hernández.
_c1991.
300 _a[79] h.
500 _a"Seminario"
500 _a"Sistema de Educación a Distancia. Unidad 162"
650 4 _aDeserción escolar
_96083
700 1 _aPérez Ornelas, Carlos,
_ecoaut.
700 1 _aMartínez Ortega, Horacio,
_ecoaut.
710 2 _aUniversidad Pedagógica Nacional (México).
_bSistema de Educación a Distancia.
_bUnidad 162
_928247
905 _aLibro
999 _c39587
_d39587